Réviser allemand - Statistiques

Statistiques générales
  • Ce quiz a été pris 12 fois
  • Le résultat moyen est 7 sur 26
Statistiques - réponses
Hint Réponse % Correct
l'argent das Geld
80%
ennuyeux langweilig
80%
l'architecte der Architekt
40%
le médecin der Arzt
40%
le métier der Beruf
40%
le professeur der Lehrer
40%
le cuisinier der Koch
30%
le chanteur der Sänger
30%
le dentiste der Zahnarzt
30%
l'avocat der Anwalt
20%
l'astronaute der Astronaut
20%
le boulanger der Bäcker
20%
le pompier der Feuerwehrmann
20%
le policier der Polizist
20%
le vétérinaire der Tierarzt
20%
les conditions de travail die Arbeitsbedingungen
20%
gagner de l'argent Geld verdienen
20%
le mannequin das Modell
10%
l'éducateur der Erzieher
10%
le fermier der Landwirt
10%
le salaire der Lohn
10%
l'éboueur der Müllsammler
10%
l'infirmière der Pfleger
10%
le scientifique der Wissenschaftler
10%
exercer un métier einen Beruf aus
10%
le stage das Puktikum
0%
Aucun quiz correspondant
Distribution des résultats
% des personnes avec chaque résultat
Percentile par nombre de réponses
Votre historique - résultats
Vous n’avez pas pris ce quiz